| 000 | 00606nam a2200193 i 4500 | ||
|---|---|---|---|
| 001 | 36555 | ||
| 003 | ES-MaACL | ||
| 005 | 20250712063121.0 | ||
| 007 | t| | ||
| 008 | 030218s1914 xxk ||||1| spa d | ||
| 100 | 1 |
_aBryce, James, _d1838-1922 _932253 |
|
| 245 | 1 | 4 |
_aLas naciones neutrales y la guerra / _cpor James Bryce (vizconde de Bryce). |
| 260 |
_aParis : _bThomas Nelson & Sons, _c[1914] |
||
| 300 |
_a12 p. ; _c20 cm. |
||
| 650 | 4 |
_aGuerra mundial, 1914-1918- _xPaĆses neutrales. _9148875 |
|
| 852 |
_aES-MaACL _jT-1428-F-12 |
||
| 852 |
_aES-MaACL _j1574-F-5 |
||
| 999 |
_c36555 _d36555 |
||